000 00494nam a2200181Ia 4500
008 090711s9999 xx 000 0 und d
082 _b67790
100 _aगावसकर सुनील
245 _aसुनिल
260 _c1991
300 _a328
600 _aगावसकर सुनील
630 _aसुनिल
700 _aकऱ्हाडे संजय
700 _aगावसकर सुनील
730 _aसुनिल
942 _cBOOK
999 _c312670
_d312670